<?xml version="1.0" encoding="UTF-8"?><?xml-stylesheet type="text/xsl" href="static/style.xsl"?><OAI-PMH xmlns="http://www.openarchives.org/OAI/2.0/" xmlns:xsi="http://www.w3.org/2001/XMLSchema-instance" xsi:schemaLocation="http://www.openarchives.org/OAI/2.0/ http://www.openarchives.org/OAI/2.0/OAI-PMH.xsd"><responseDate>2026-04-14T04:27:24Z</responseDate><request verb="GetRecord" identifier="oai:www.recercat.cat:2117/415270" metadataPrefix="marc">https://recercat.cat/oai/request</request><GetRecord><record><header><identifier>oai:recercat.cat:2117/415270</identifier><datestamp>2025-07-23T05:47:04Z</datestamp><setSpec>com_2072_1033</setSpec><setSpec>col_2072_452951</setSpec></header><metadata><record xmlns="http://www.loc.gov/MARC21/slim" xmlns:dcterms="http://purl.org/dc/terms/" xmlns:xsi="http://www.w3.org/2001/XMLSchema-instance" xmlns:doc="http://www.lyncode.com/xoai" xsi:schemaLocation="http://www.loc.gov/MARC21/slim http://www.loc.gov/standards/marcxml/schema/MARC21slim.xsd">
   <leader>00925njm 22002777a 4500</leader>
   <datafield ind2=" " ind1=" " tag="042">
      <subfield code="a">dc</subfield>
   </datafield>
   <datafield ind2=" " ind1=" " tag="720">
      <subfield code="a">Sánchez Alonso, Violeta</subfield>
      <subfield code="e">author</subfield>
   </datafield>
   <datafield ind2=" " ind1=" " tag="260">
      <subfield code="c">2024-06-26</subfield>
   </datafield>
   <datafield ind2=" " ind1=" " tag="520">
      <subfield code="a">Aquest treball presenta una comparació detallada entre les tecnologies Delta Lake i Snowflake per a l'anàlisi de dades emmagatzemades al núvol. Mitjançant l'ús del benchmark TPC-DS, s'avalua el rendiment de les dues plataformes en termes de velocitat de resposta, eficiència en la gestió de dades i capacitat per satisfer les necessitats analítiques empresarials. Les dades emmagatzemades a Azure Data Lake Storage (ADLS) s'integren tant amb Snowflake com amb Databricks, utilitzant tècniques específiques per a cada plataforma. Els experiments es basen en un conjunt de mètriques clau, com la mida de còmput, el temps d'execució i el cost, per avaluar el rendiment i els costos associats amb cada operació. A més, es prenen mesures per assegurar la comparabilitat dels clústers de computació entre les dues plataformes i s'evita l'ús de memòria cau per garantir la consistència dels resultats. L'anàlisi dels resultats permetrà arribar a una conclusió informada sobre les capacitats i limitacions de cada tecnologia per a l'anàlisi de dades empresarials.</subfield>
   </datafield>
   <datafield ind2=" " ind1=" " tag="520">
      <subfield code="a">This study provides an exhaustive comparison between Delta Lake and Snowflake technologies for cloud-based data analysis. Leveraging the TPC-DS benchmark, the performance of both platforms is evaluated across criteria such as response time, data management efficiency, and their suitability for fulfilling enterprise analytical requirements. The integration of data stored in Azure Data Lake Storage (ADLS) with Snowflake and Databricks is feasible by employing platform-specific techniques. Experiments are designed around key metrics, including compute size, execution duration, and cost, aiming to measure performance and associated expenses for each operation. Moreover, measures are applied to ensure the comparability of compute clusters between both platforms and avoid caching to guarantee result consistency. The analysis of findings will lead to a well-founded conclusion regarding the strengths and weaknesses of each technology for enterprise-grade data analysis.</subfield>
   </datafield>
   <datafield tag="653" ind2=" " ind1=" ">
      <subfield code="a">Àrees temàtiques de la UPC::Informàtica::Enginyeria del software</subfield>
   </datafield>
   <datafield tag="653" ind2=" " ind1=" ">
      <subfield code="a">SQL (Computer program language)</subfield>
   </datafield>
   <datafield tag="653" ind2=" " ind1=" ">
      <subfield code="a">Cloud computing</subfield>
   </datafield>
   <datafield tag="653" ind2=" " ind1=" ">
      <subfield code="a">Performance</subfield>
   </datafield>
   <datafield tag="653" ind2=" " ind1=" ">
      <subfield code="a">Benchmarking (Management)</subfield>
   </datafield>
   <datafield tag="653" ind2=" " ind1=" ">
      <subfield code="a">Delta Lake</subfield>
   </datafield>
   <datafield tag="653" ind2=" " ind1=" ">
      <subfield code="a">Snowflake</subfield>
   </datafield>
   <datafield tag="653" ind2=" " ind1=" ">
      <subfield code="a">anàlisis empresarial</subfield>
   </datafield>
   <datafield tag="653" ind2=" " ind1=" ">
      <subfield code="a">SQL</subfield>
   </datafield>
   <datafield tag="653" ind2=" " ind1=" ">
      <subfield code="a">emmagatzematge de dades al núvol</subfield>
   </datafield>
   <datafield tag="653" ind2=" " ind1=" ">
      <subfield code="a">rendiment</subfield>
   </datafield>
   <datafield tag="653" ind2=" " ind1=" ">
      <subfield code="a">costos</subfield>
   </datafield>
   <datafield tag="653" ind2=" " ind1=" ">
      <subfield code="a">índex de referència</subfield>
   </datafield>
   <datafield tag="653" ind2=" " ind1=" ">
      <subfield code="a">Delta Lake</subfield>
   </datafield>
   <datafield tag="653" ind2=" " ind1=" ">
      <subfield code="a">Snowflake</subfield>
   </datafield>
   <datafield tag="653" ind2=" " ind1=" ">
      <subfield code="a">business analysis</subfield>
   </datafield>
   <datafield tag="653" ind2=" " ind1=" ">
      <subfield code="a">SQL</subfield>
   </datafield>
   <datafield tag="653" ind2=" " ind1=" ">
      <subfield code="a">cloud data storage</subfield>
   </datafield>
   <datafield tag="653" ind2=" " ind1=" ">
      <subfield code="a">performance</subfield>
   </datafield>
   <datafield tag="653" ind2=" " ind1=" ">
      <subfield code="a">costs</subfield>
   </datafield>
   <datafield tag="653" ind2=" " ind1=" ">
      <subfield code="a">benchmark</subfield>
   </datafield>
   <datafield tag="653" ind2=" " ind1=" ">
      <subfield code="a">SQL (Llenguatge de programació)</subfield>
   </datafield>
   <datafield tag="653" ind2=" " ind1=" ">
      <subfield code="a">Computació en núvol</subfield>
   </datafield>
   <datafield tag="653" ind2=" " ind1=" ">
      <subfield code="a">Rendiment</subfield>
   </datafield>
   <datafield tag="653" ind2=" " ind1=" ">
      <subfield code="a">Referenciació (Economia)</subfield>
   </datafield>
   <datafield ind2="0" ind1="0" tag="245">
      <subfield code="a">Comparació de rendiment i costos entre Delta Lake i Snowflake</subfield>
   </datafield>
</record></metadata></record></GetRecord></OAI-PMH>